| 000 | 00444nam a2200181Ia 4500 | ||
|---|---|---|---|
| 001 | 58629 | ||
| 008 | 150526n ii |||gr||||Z||||||465 | ||
| 020 | _a0-415-22939-1 | ||
| 082 | _a808.9 | ||
| 100 |
_aMorris, _ePam ., |
||
| 245 | 0 |
_aRealism _cPam Morris _hTextual Documents |
|
| 250 | _aIst ed - 2003. | ||
| 260 |
_aNew York: _bRoutledge. |
||
| 300 |
_a186p : _c21cm. |
||
| 653 | _aLiterature | ||
| 653 | _aG - Literature | ||
| 942 |
_2ddc _cBK |
||
| 999 |
_c58519 _d58519 |
||